INDO PAKISTAN WAR A FLASH BACK (Record no. 567175)

000 -LEADER
fixed length control field 00312nam a22001217a 4500
082 ## - DEWEY DECIMAL CLASSIFICATION NUMBER
Classification number 954.9045 IND'O
100 ## - MAIN ENTRY--PERSONAL NAME
Personal name GOVT OF PAKISTAN
9 (RLIN) 11105
245 ## - TITLE STATEMENT
Title INDO PAKISTAN WAR A FLASH BACK
260 ## - PUBLICATION, DISTRIBUTION, ETC.
Place of publication, distribution, etc. RAWALPINDI
Name of publisher, distributor, etc. GOVERNMENT OF PAKISTAN
Date of publication, distribution, etc. 1966
300 ## - PHYSICAL DESCRIPTION
Extent 99P
650 ## - SUBJECT ADDED ENTRY--TOPICAL TERM
Topical term or geographic name entry element INDO PAKISTAN WAR
9 (RLIN) 56837
942 ## - ADDED ENTRY ELEMENTS (KOHA)
Koha item type Book
Holdings
Withdrawn status Lost status Damaged status Not for loan Permanent Location Current Location Shelving location Date acquired Total Checkouts Full call number Barcode Date last seen Price effective from Koha item type
        College of Electrical & Mechanical Engineering (CEME) College of Electrical & Mechanical Engineering (CEME) General Stacks 07/12/2017   954.9045 IND'O CEME-4545 06/28/2021 06/28/2021 Book
        College of Electrical & Mechanical Engineering (CEME) College of Electrical & Mechanical Engineering (CEME) General Stacks 07/12/2017   954.9045 IND'O CEME-4546 06/28/2021 06/28/2021 Book
© 2023 Central Library, National University of Sciences and Technology. All Rights Reserved.